The frontiers of management : Where tomorrow’s decisions are being shaped today
One of our most esteemed writers on economics and management here gathers 35 essays aimed at instructing America's industrial managers in the problemsand certainly the opportunitiesof our postindustrial society. Drucker may be difficult reading for the novice in this field, but his pieces, arra...
Bewaard in:
| Hoofdauteur: | |
|---|---|
| Formaat: | Boek |
| Taal: | Undetermined |
| Gepubliceerd in: |
New York
Truman Talley Books
1986
|
| Onderwerpen: | |
| Tags: |
Voeg label toe
Geen labels, Wees de eerste die dit record labelt!
|
| Thư viện lưu trữ: | Trung tâm Học liệu Trường Đại học Cần Thơ |
|---|
| LEADER | 01817nam a2200205Ia 4500 | ||
|---|---|---|---|
| 001 | CTU_89184 | ||
| 008 | 210402s9999 xx 000 0 und d | ||
| 082 | |a 658.19 | ||
| 082 | |b D794 | ||
| 100 | |a Drucker, Peter F. | ||
| 245 | 4 | |a The frontiers of management : | |
| 245 | 0 | |b Where tomorrow’s decisions are being shaped today | |
| 245 | 0 | |c Peter F. Drucker | |
| 260 | |a New York | ||
| 260 | |b Truman Talley Books | ||
| 260 | |c 1986 | ||
| 520 | |a One of our most esteemed writers on economics and management here gathers 35 essays aimed at instructing America's industrial managers in the problemsand certainly the opportunitiesof our postindustrial society. Drucker may be difficult reading for the novice in this field, but his pieces, arranged in categories such as economics, people, management and the organization, make clear his thesis that today's economic-industrial frontiers are being manned by more-or-less faceless entrepreneurs who are emerging as managers of the big corporations that have gone through such crises as the 1973 oil crunch devised by OPEC and the ensuing inflationary storm, the virtual takeover of the car market by the Japanese, etc. American managers, he shows, have courted disaster by going for "short term" profits, whereas innovation is the ticket for the futureand for workers whose jobs are gone, the need for flexibility is urgent. Drucker shows keen insights into his themes, which range from high-tech innovations, automation, German/Japanese productivity, to the "liberal art" of management, the prophetic "visions" of IBM's Tom Watson, hostile takeovers and much more. Fortune Book Club and Executive Program main selectons; BOMC alternate. | ||
| 650 | |a Management,Industrial management | ||
| 904 | |i M.Loan | ||
| 980 | |a Trung tâm Học liệu Trường Đại học Cần Thơ | ||